000 00506nam a2200193Ia 4500
003 GCL
008 140319s9999 xx 000 0 eng d
040 _aGCL /
_cGCL
082 0 4 _a546
_bC A
100 1 _aWILKINSON, GEOFFRY
245 1 0 _aADVANCED INORGANIC CHEMISTRY /
_cWILKINSON, GEOFFRY
700 1 _aCOTTON, F. ALBERT
260 _a[S.N] :
_bWILEY EASTERN LIMITED ،
_c1993
300 _a1145\P
650 0 4 _aCHEMISTRY
650 0 4 _aINORGANIC CHEMISTRY
650 0 4 _aELEMENTS
942 _2ddc
_cBK
999 _c20200
_d20200